00842cam a22002171 4500001001300000003000400013005001700017008004100034010001700075035002000092040001900112042001200131050001600143060002300159100002400182245024700206260004100453300002600494500006800520504003600588med47000407 DLC20260227111559.0810920s1943 xx af b 000 0 spa  amed47000407  a(OCoLC)14731664 aDLCcDNLMdDLC apremarc00aRC659b.T480 aWK 700bT363n 19431 aThaddea, Sigismund.13aLa insuficiencia suprarrenal y sus formas clínicas,cpor el dr. Sigismund Thaddea ... con un prefacio del prof. dr. G. von Bergmann ... traducción del alemán por el dr. José M. Sacristán. Con 73 figuras, parte en color, y 8 tablas. aMadrid,bEspasa-Calpe, s. a.,c1943. a208 p.bill., plates. aTranslation of Die Nebenniereninsuffizienz und ihr Formenkreis. a"Bibliografía". p. [181]-203.